Catálogo público

Postharvest an Introduction to the Physiology & Handling of Fruit, Vegetables & Ornamentals / (Record no. 173032)

MARC details
000 -CABECERA
campo de control de longitud fija 00704nam a2200241Ia 4500
001 - NÚMERO DE CONTROL
campo de control dia_2510
003 - IDENTIFICADOR DEL NÚMERO DE CONTROL
campo de control CHAP
005 - FECHA Y HORA DE LA ÚLTIMA TRANSACCIÓN
campo de control 20251023171035.0
008 - DATOS DE LONGITUD FIJA--INFORMACIÓN GENERAL
campo de control de longitud fija 220117s1998 xx 000 0 und d
010 ## - NÚMERO DE CONTROL DE LA BIBLIOTECA DEL CONGRESO
Número de control de LC 173032
040 ## - FUENTE DE LA CATALOGACIÓN
Centro/agencia transcriptor CHAP
082 ## - NÚMERO DE LA CLASIFICACIÓN DECIMAL DEWEY
Número de clasificación 634 W55
100 ## - ENTRADA PRINCIPAL--NOMBRE DE PERSONA
Nombre de persona Wills, Ron
9 (RLIN) 122158
245 ## - MENCIÓN DE TÍTULO
Título Postharvest an Introduction to the Physiology & Handling of Fruit, Vegetables & Ornamentals /
Mención de responsabilidad, etc. by Ron Wills
260 ## - PUBLICACIÓN, DISTRIBUCIÓN, ETC.
Lugar de publicación, distribución, etc. New york :
Nombre del editor, distribuidor, etc. Unsw Press,
Fecha de publicación, distribución, etc. 1998
300 ## - DESCRIPCIÓN FÍSICA
Extensión 262 p.
500 ## - NOTA GENERAL
Nota general I.216833
650 ## - PUNTO DE ACCESO ADICIONAL DE MATERIA--TÉRMINO DE MATERIA
Término de materia o nombre geográfico como elemento de entrada 1.Frutas
Subdivisión general fisiología y morfología
9 (RLIN) 153032
901 ## - ELEMENTOS DE DATOS A LOCAL LDA (RLIN)
a 634 W55
902 ## - ELEMENTOS DE DATOS B LOCAL, LDB (RLIN)
a M
905 ## - ELEMENTOS DE DATOS E LOCAL, LDE (RLIN)
a 0000001998 NY A 0000000000ING00
942 ## - ELEMENTOS DE PUNTO DE ACCESO ADICIONAL (KOHA)
Tipo de ítem Koha Libro
Fuente del sistema de clasificación o colocación Dewey Decimal Classification
Holdings
Estado de retiro Estado de pérdida Fuente del sistema de clasificación o colocación Estado dañado No para préstamo Código de colección Localización permanente Ubicación/localización actual Ubicación en estantería Fecha de adquisición Información codificada de la localización en otra ubicación Total de préstamos Código de barras Fecha visto por última vez Número de copia Precio válido a partir de Tipo de ítem Koha
    Dewey Decimal Classification     General Ingenieria Agroindustrial Ingenieria Agroindustrial   18/01/2022 1   dia_5402 18/01/2022 1 18/01/2022 Libro